1554 1636 1637 1455 1086 1467 1732 1991 1099 1098 1884 1222 1850 1183 1640 1505 1731 1336 1961 1605 1040 1965 1131 1995 1747 1463 1970 1037 1190 1347 1403 1024 1993 1502 1152 2000 1177 1965 1921 1540 1051 1298 1689 1842 1557 1709 1040 1094 1092 1987 1702 1437 1952 1188 1359 1540 1731 1432 1172 1298 1462 1689 1739 1537 1379 1075 1510 1960 1913 1334 1877 1684 1711 1027 1390 1613 1331 1356 1085 1901 1416 1545 1488 1388 1654 1674 1595 1137 1474 1190 1489 1717 1105 1890 1965 1655 1766 1307 1706 BCNSPRNW ULIB Ver.6.0+V

เปลี่ยนเป็นภาษาไทย

Change to English
 แสดงรายละเอียดบรรณานุกรม
  กลับหน้าหลัก

Brief Record : Get Marc (ISO 2709) : E-mail record : QR code < ปิดหน้าต่าง
LEADER : 00000nam a2200000Ia 4500
001    13399125478
003     ULIB
008    170515s2559 th a b 000 0 tha d
020    ^a9786167388991
040    ^absi
060 04 ^aWS205^bC641
245 00 ^aClinical practices :^bemergency pediatrics : make it easy/^cบรรณาธิการ, สนิตรา ศิริธางกุล ... [และคนอื่นๆ]
246 30 ^aEmergency pediatrics :^bmake it easy
250    ^aพิมพ์ครั้งที่ 1
260    ^aกรุงเทพฯ :^bภาควิชากุมารเวชศาสตร์ วิทยาลัยแพทยศาสตร์พระมงกุฎเกล้า,^c2559
300    ^axiii, 328 หน้า :^bภาพประกอบ (สีบางภาพ) ;^c21 ซม.
505 0  ^aSupraventricular tachycardia -- Dendue shock sysdrome --Mechanical ventilation : initial settings and trouble-shooting guides -- Pediatric advanced life support 2015 --Hypertensive crisis in children and adolescents -- Acutekidney injury -- Neonatal stabilization andpostresuscitation care -- Foreigh body and caustic agnetingestion in children -- Acute liver failure -- Feedingdifficulty in younger children -- Common electrolytedisorders in pediatric emergency -- Current strategies ofdiabetic ketoacidosis management -- Adrenal crisis --Acute asthmatic attack -- Tramadol overdose -- How to dealwith aggressive child -- Developmental red flags --Encounter with attention deficit hyperactivity disorder --Hematologic emergencies in children -- Tumor lysissyndrome -- Leukapheresis -- Inborn errors of metabolism -- Drug hypersensitivity syndrome (DHS) -- Stevens-Johnsonsyndrome and toxic epidermal necrolysis
650  4 ^aกุมารเวชศาสตร์
650  4 ^aเด็ก, โรค
650  4 ^aภาวะฉุกเฉิน
700 0  ^aสนิตรา ศิริธางกุล,^eบรรณาธิการ
710 2  ^aวิทยาลัยแพทยศาสตร์พระมงกุฎเกล้า.^bภาควิชากุมารเวชศาสตร์
945    ^p450^l0^i25149
945    ^p450^l0^i25150
995    ^aกัณชพร
999    ^aกัณชพร
รายการนี้ยังไม่มีแท็ก
คุณยังไม่ได้ล็อกอิน คุณสามารถมีกิจกรรมร่วมกับเว็บไซต์ได้ แต่ต้องล็อกอินก่อน ::
  ล็อกอิน

รายการสื่อสารสนเทศ

ลำดับที่ ประเภท เลขเรียก/บาร์โค้ด สถานที่ สถานะ
1. หนังสือสำรอง
หนังสือสำรอง
WS205 C641 ฉ.1 
  Barcode: 25149
ห้องสมุดวิทยาเขตนครสวรรค์
►หนังสือทั่วไป:l:General Books
บนชั้น
2. วิทยาศาสตร์การแพทย์ และสุขภาพ
วิทยาศาสตร์การแพทย์ และสุขภาพ
WS205 C641 ฉ.2 
  Barcode: 25150
ห้องสมุดวิทยาเขตนครสวรรค์
►หนังสือทั่วไป:l:General Books
บนชั้น

รายการใกล้เคียง
    หัวเรื่อง [กุมารเวชศาสตร์]
    หัวเรื่อง [เด็ก, โรค]
    หัวเรื่อง [ภาวะฉุกเฉิน]

BibComment


ยังไม่เคยถูกคอมเมนท์

คอมเมนท์ทรัพยากรรายการนี้
  คอมเมนท์: Clinical practic..


 Copyright 2026. Bcnsprnw @Library